| 000 | 00942nam a2200289Ia 4500 | ||
|---|---|---|---|
| 001 | G3931 | ||
| 003 | IT-RoPAU | ||
| 008 | 130308s9999 xx 000 0 und d | ||
| 040 | _aIT-RoPAU | ||
| 040 | _cIT-RoPAU | ||
| 041 | _aFRANCESE | ||
| 100 | _aMoeschler Jacques | ||
| 100 | _gCodice Aut. SPICS: 44519 | ||
| 245 | _aConversation, coherence et pertinence | ||
| 245 | _bFormes de la Conversation (Les)-Volume 1 | ||
| 250 | _a1a ed. | ||
| 260 | _aPARIS | ||
| 260 | _bCNET | ||
| 260 | _c1990 [1° Ed.:1990 - Ed.Ling.Originale:1990] | ||
| 300 | _a"26 p. (prefazione: no ; testo: 26 [pagine: 79-104])" | ||
| 500 | _a"Conversazione, Coerenza e Pertinenza. Analisi del Discorso e Analisi Conversazionale. Coerenza e Interpretazione. Inferenza e Pertinenza. tre Esempi di ""Parce Que"" in Conversazione." | ||
| 650 | _aSAGGI DI LINGUISTICA | ||
| 650 | _eCodice materia Spics: 3207 | ||
| 942 | _cBK | ||
| 957 | _71 | ||
| 999 |
_c77919 _d77919 |
||
| 999 | _g1 | ||